| Tag |
First Indicator |
Second Indicator |
Subfields |
| LEADER |
00000cam a2200000 4500 |
| 001 |
in00000051126 |
| 005 |
20151007080207.0 |
| 008 |
720107s1948 eng u |
| 010 |
|
|
|a a 49009819
|
| 035 |
|
|
|a (OCoLC)00192311
|
| 035 |
|
|
|9 AAF4396AM
|
| 040 |
|
|
|c WSU
|d TXA
|d UtOrBLW
|
| 049 |
|
|
|a TXAM
|c [201493]
|
| 090 |
|
|
|a BF173
|b .S22
|
| 092 |
|
|
|a 131.34
|b S121m
|
| 100 |
1 |
|
|a Sachs, Hanns,
|d 1881-1947.
|
| 245 |
1 |
0 |
|a Masks of love and life.
|
| 264 |
|
1 |
|a Cambridge, Mass. :
|b Sci-Art Publishers,
|c 1948.
|
| 300 |
|
|
|a 303 pages
|
| 336 |
|
|
|a text
|b txt
|2 rdacontent
|
| 337 |
|
|
|a unmediated
|b n
|2 rdamedia
|
| 338 |
|
|
|a volume
|b nc
|2 rdacarrier
|
| 650 |
|
0 |
|a Psychoanalysis.
|
| 700 |
1 |
|
|a Roback, A. A.
|q (Abraham Aaron),
|d 1890-1965.
|
| 999 |
|
|
|a MARS
|
| 999 |
f |
f |
|s 88041776-a379-373e-a0e7-ce0e4cd9ad10
|i 044487e1-43c5-39e9-91d4-bf9e2643f95a
|t 0
|
| 952 |
f |
f |
|p ric
|a Texas A&M University
|b Rellis Campus
|c Joint Library Facility
|d Remote Storage
|t 0
|e BF173 .S22
|h Library of Congress classification
|i unmediated -- volume
|m A14800510654
|
| 998 |
f |
f |
|a BF173 .S22
|t 0
|l Remote Storage
|